[Event "Tourn. n9375"]
[Site "www.chess-mail.com"]
[Date "2017.06.19"]
[Round "1"]
[White "Cjood"]
[Black "Falcoale"]
[WhiteElo "1970"]
[BlackElo "1990"]
[Result "0-1"]
[Round "1"]
1.e4 c5
2.Ng1f3 Nb8c6
3.Bf1b5 Ng8f6
4.Nb1c3 a6
5.Bb5c4 b5
6.Bc4d5 Bc8b7
7.Nf3g5 e6
8.Bd5xc6 Bb7xc6
9.d3 Bf8e7
10.Ng5f3 O-O
11.Bc1f4 d6
12.O-O b4
13.Nc3e2 Nf6d7
14.Ne2g3 Nd7b6
15.b3 d5
16.e5 Nb6d7
17.Qd1e2 Bc6b5
18.Ra1d1 a5
19.Qe2d2 a4
20.c4 dxc4
21.dxc4 Bb5c6
22.Nf3g5 h6
23.Ng5h3 Qd8b6
24.Ng3h5 Ra8d8
25.Bf4xh6 Nd7xe5
26.Qd2f4 Ne5g6
27.Qf4e3 Rd8xd1
28.Rf1xd1 Qb6b7
29.Bh6xg7 Bc6xg2
30.Nh3f4 Ng6xf4
31.Qe3xf4 Qb7f3
32.Qf4xf3 Bg2xf3
33.Bg7xf8 Kxf8
34.Rd1d7 Bf3xh5
35.bxa4 Bh5e2
36.Rd7d2 Be2xc4
37.Kg2 Bc4d5
38.Kh3 Kg7
39.f4 Be7d8
40.Rd2c2 c4
41.Kg4 c3
42.h4 Bd5e4
43.Rc2c1 Bd8b6
44.h5 c2
45.Kg5 Bb6e3
46.h6 Kf8
{ resign }
0-1

[Event "Tourn. n9375"]
[Site "www.chess-mail.com"]
[Date "2017.06.19"]
[Round "1"]
[White "Cjood"]
[Black "Luban"]
[WhiteElo "1970"]
[BlackElo "2100"]
[Result "0-1"]
[Round "1"]
1.d4 d5
2.Nb1c3 e6
3.Bc1f4 a6
4.e4 dxe4
5.Nc3xe4 Ng8f6
6.Ne4xf6 gxf6
7.Ng1f3 c5
8.dxc5 Qd8xd1
9.Ra1xd1 Bf8xc5
10.Bf4h6 Bc5e7
11.Bf1c4 Bc8d7
12.O-O Nb8c6
13.a3 O-O-O
14.Bh6e3 Rh8g8
15.Be3b6 Rd8e8
16.Rd1d2 Be7d8
17.Bb6e3 Bd8c7
18.Rf1d1 Nc6b8
19.Be3a7 Re8d8
20.Ba7xb8 Bc7xb8
21.b3 b5
22.Bc4e2 Bb8a7
23.c4 Bd7c6
24.Rd2d6 Rd8xd6
25.Rd1xd6 Kc7
26.Rd6d2 Bc6xf3
27.Be2xf3 bxc4
28.bxc4 Rg8b8
29.Bf3d1 Ba7c5
30.a4 Rb8b4
31.Bd1h5 Rb4xc4
32.g3 Rc4xa4
33.Bh5xf7 e5
34.Bf7e6 Bc5d4
35.Rd2c2 Kd6
36.Be6g8 h6
37.Bg8h7 Ra4a3
38.Bh7e4 Ra3c3
39.Rc2xc3 Bd4xc3
40.h4 Kc5
41.Kg2 Kb4
42.Kh3 a5
43.Be4c2 a4
44.Bc2xa4 Kxa4
45.f3 Kb4
46.Kg4 Kc4
47.Kf5 Bc3e1
48.Kg4 Kd4
49.h5 Kd5
50.Kf5 Be1xg3
51.Kxf6 Bg3f4
52.Kf5 Kd4
53.Kg4 Ke3
{ resign }
0-1

[Event "Tourn. n9392"]
[Site "www.chess-mail.com"]
[Date "2017.06.19"]
[Round "1"]
[White "Falcoale"]
[Black "Cjood"]
[WhiteElo "2050"]
[BlackElo "2000"]
[Result "1-0"]
[Round "1"]
1.e4 c5
2.Ng1f3 e6
3.Bf1c4 Nb8c6
4.a3 a6
5.O-O b5
6.Bc4e2 Bc8b7
7.d3 Qd8c7
8.Bc1e3 d6
9.Nb1d2 Bf8e7
10.h3 Ng8f6
11.Nf3h2 e5
12.f4 exf4
13.Be3xf4 Qc7b6
14.Bf4e3 O-O-O
15.b4 h6
16.Nd2b3 g5
17.bxc5 dxc5
18.Ra1b1 Be7d6
19.Rf1xf6 Qb6c7
20.Nh2g4 h5
21.Ng4f2 g4
22.hxg4 hxg4
23.Be2xg4 Kb8
24.Nb3xc5 Bd6e5
25.Rf6f5 Be5g3
26.Bg4h3 Rd8g8
27.c4 Bg3xf2
28.Rf5xf2 Rh8xh3
29.Be3f4 Nc6e5
30.d4 Bb7xe4
31.Nc5xa6 Kb7
32.Na6xc7 Rg8xg2
33.Rf2xg2 Ne5f3
34.Kf2 { resign }
1-0

[Event "Tourn. n9425"]
[Site "www.chess-mail.com"]
[Date "2017.06.19"]
[Round "1"]
[White "Redabond"]
[Black "Cristiano"]
[WhiteElo "1640"]
[BlackElo "1760"]
[Result "1-0"]
[Round "1"]
1.d4 Ng8f6
2.Bc1f4 d6
3.Nb1c3 g6
4.Ng1f3 Bf8g7
5.e3 a6
6.Bf1c4 e6
7.O-O b5
8.Bc4b3 O-O
9.d5 e5
10.Bf4g5 Bc8g4
11.h3 { resign }
1-0

[Event "Tourn. n9421"]
[Site "www.chess-mail.com"]
[Date "2017.06.19"]
[Round "1"]
[White "Picifarkinca"]
[Black "Sorim"]
[WhiteElo "1990"]
[BlackElo "1850"]
[Result "0-1"]
[Round "1"]
1.e4 e5
2.f4 exf4
3.Qd1f3 Qd8h4
4.Qf3f2 Qh4xf2
5.Kxf2 Ng8f6
6.Kf3 Nb8c6
7.c3 d5
8.exd5 Nc6e5
9.Kxf4 Bf8d6
10.Bf1b5 Kd8
11.Ng1f3 Ne5g4
12.Kg5 h6
13.Kh4 g5
14.Kh3 Ng4f2
{ resign }
0-1

[Event "Tourn. n9359"]
[Site "www.chess-mail.com"]
[Date "2017.06.19"]
[Round "1"]
[White "Nulladies"]
[Black "Falcoale"]
[WhiteElo "1920"]
[BlackElo "1910"]
[Result "1-0"]
[Round "1"]
1.d4 Ng8f6
2.Bc1f4 e6
3.Ng1f3 d5
4.e3 Nb8c6
5.Nb1d2 Bf8e7
6.h3 O-O
7.Bf1d3 Nc6b4
8.Nf3e5 Nb4xd3
9.cxd3 Nf6d7
10.Nd2f3 f6
11.Ne5xd7 Bc8xd7
12.Ra1c1 c6
13.O-O Bd7e8
14.Rf1e1 Be8h5
15.g4 Bh5g6
16.h4 Bg6e8
17.Kf1 Be8f7
18.e4 Be7b4
19.Bf4d2 Bb4d6
20.e5 fxe5
21.dxe5 Bd6e7
22.Bd2g5 h6
23.Bg5xe7 Qd8xe7
24.d4 Bf7g6
25.h5 Bg6e4
26.Nf3d2 Be4d3
27.Kg1 Qe7h4
28.Nd2f1 Qh4xf2
29.Kh1 Bd3e4
30.Re1xe4 dxe4
31.Qd1e1 Qf2h4
32.Qe1xh4 { resign }
1-0

[Event "Tourn. n9362"]
[Site "www.chess-mail.com"]
[Date "2017.06.19"]
[Round "1"]
[White "Yakke"]
[Black "Cjood"]
[WhiteElo "1790"]
[BlackElo "1900"]
[Result "0-1"]
[Round "1"]
1.e4 e5
2.Ng1f3 Nb8c6
3.d4 exd4
4.Nf3xd4 Nc6xd4
5.Qd1xd4 Qd8e7
6.Nb1c3 c5
7.Qd4d1 Ng8f6
8.f3 a6
9.Bc1g5 d6
10.Nc3d5 Qe7d8
11.e5 h6
12.Nd5xf6 gxf6
13.Bg5xf6 Qd8a5
14.c3 Rh8g8
15.exd6 Rg8g6
16.Qd1e2 Kd7
17.Bf6e7 Rg6e6
18.Qe2xe6 fxe6
19.Be7xf8 h5
20.g3 b5
21.a3 Bc8b7
22.Bf1e2 Ra8xf8
23.Ra1d1 Bb7xf3
24.Be2xf3 Rf8xf3
25.Rd1d5 Qa5a4
26.Rd5xc5 Qa4e4
27.Kd2 Qe4e3
{ resign }
0-1

[Event "Tourn. n9389"]
[Site "www.chess-mail.com"]
[Date "2017.06.19"]
[Round "1"]
[White "Cjood"]
[Black "Falcoale"]
[WhiteElo "2000"]
[BlackElo "2050"]
[Result "0-1"]
[Round "1"]
1.d4 Ng8f6
2.Bc1f4 e6
3.Nb1c3 b6
4.e4 Bc8b7
5.f3 d6
6.Bf1d3 Bf8e7
7.e5 Nf6d5
8.Nc3xd5 Bb7xd5
9.exd6 cxd6
10.c4 Bd5b7
11.b4 O-O
12.Qd1c2 f5
13.h3 Be7h4
14.g3 Bh4f6
15.Bf4e3 Nb8c6
16.Qc2c3 e5
17.Ng1e2 Rf8e8
18.O-O exd4
19.Be3xd4 Nc6xd4
20.Ne2xd4 Ra8c8
21.Bd3xf5 Rc8c7
22.Ra1d1 Rc7e7
23.Qc3d3 g6
24.Bf5g4 Re7e3
25.Qd3d2 Re3e7
26.Qd2f4 Bf6e5
27.Qf4d2 Be5xg3
28.Qd2g5 Bg3e5
29.Nd4e6 Qd8b8
30.f4 Be5g7
31.f5 d5
32.f6 Qb8g3
33.Kh1 d4
34.Bg4f3 Bb7xf3
35.Rf1xf3 Qg3xf3
36.Kh2 Re7xe6
{ resign }
0-1

[Event "Tourn. n9359"]
[Site "www.chess-mail.com"]
[Date "2017.06.19"]
[Round "1"]
[White "Cjood"]
[Black "Falcoale"]
[WhiteElo "1980"]
[BlackElo "1910"]
[Result "0-1"]
[Round "1"]
1.d4 Ng8f6
2.c4 e6
3.Nb1c3 b6
4.Ng1f3 Bc8b7
5.e3 d5
6.Nf3e5 Nb8d7
7.Ne5xd7 Qd8xd7
8.c5 bxc5
9.dxc5 Bf8xc5
10.Qd1b3 Bb7c6
11.Nc3b5 Ra8b8
12.Nb5d6 Ke7
13.Qb3c3 Qd7xd6
14.a3 Rh8d8
15.b4 d4
16.bxc5 Qd6d7
17.exd4 Kf8
18.Bc1e3 Bc6a4
19.Bf1d3 Nf6d5
20.Qc3d2 Nd5xe3
21.fxe3 Ba4b5
22.Qd2c2 c6
23.Bd3xb5 Rb8xb5
24.Qc2xh7 Ke7
25.Qh7xg7 Rd8f8
26.O-O Qd7d5
27.Rf1f2 Rb5b7
28.Ra1f1 Ke8
29.Qg7f6 a5
30.Rf2f4 Qd5b3
31.Rf4e4 Qb3xa3
32.Qf6e5 a4
33.Qe5d6 Qa3b2
34.Qd6xc6 Rb7d7
35.Re4xe6 fxe6
36.Rf1xf8 Kxf8
37.Qc6xd7 Qb2c1
38.Kf2 a3
39.Qd7c8 Kf7
40.Qc8b7 Kf6
41.Qb7b3 Qc1b2
42.Qb3xb2 axb2
43.Kf3 b1Q
44.h3 Qb1f1
45.Kg3 Kf5
46.Kh2 Qf1e2
47.h4 Qe2xe3
48.c6 Qe3xd4
49.h5 Qd4d6
50.Kh3 Qd6xc6
51.h6 Qc6c3
52.Kh4 Qc3f6
53.Kh5 Qf6g5
{ resign }
0-1

[Event "Tourn. n9341"]
[Site "www.chess-mail.com"]
[Date "2017.06.19"]
[Round "1"]
[White "Balbyns"]
[Black "Falcoale"]
[WhiteElo "1850"]
[BlackElo "1940"]
[Result "0-1"]
[Round "1"]
1.e4 c5
2.Ng1f3 Nb8c6
3.d4 cxd4
4.Nf3xd4 e5
5.Nd4b5 Ng8f6
6.Nb1c3 a6
7.Nb5d6 Bf8xd6
8.Qd1xd6 Qd8e7
9.Qd6xe7 Nc6xe7
10.Bc1g5 Ne7g6
11.Ra1d1 O-O
12.Bf1e2 Nf6e8
13.Nc3d5 f6
14.Bg5e3 b5
15.Be3c5 d6
16.Bc5b4 Bc8b7
17.Bb4a5 Ra8c8
18.c3 Bb7xd5
19.Rd1xd5 Ng6f4
20.Be2g4 Rc8c4
21.f3 Nf4xg2
22.Kf2 Ng2f4
23.Rd5d1 Rc4a4
24.a3 Ra4xa5
25.Ke3 Kh8
26.Rd1a1 g6
27.Rh1d1 b4
28.axb4 Ra5xa1
29.Rd1xa1 Ne8c7
30.Bg4d7 Rf8d8
31.Bd7a4 d5
32.Ra1d1 Kg7
33.Ba4b3 Kf8
34.exd5 Nf4xd5
35.Ke4 Nd5xc3
36.bxc3 Rd8xd1
37.Bb3xd1 Nc7b5
38.Kd3 Ke7
39.c4 Nb5d6
40.Bd1a4 f5
41.c5 Nd6b5
42.Ba4xb5 axb5
43.h4 h6
44.Ke3 Ke6
45.f4 exf4
46.Kxf4 h5
47.Kg3 Ke5
48.Kf3 Kd5
49.Kf4 Ke6
50.Kg5 Ke5
51.Kxg6 f4
52.c6 Kd6
53.Kf5 f3
{ resign }
0-1

[Event "Tourn. n9418"]
[Site "www.chess-mail.com"]
[Date "2017.06.19"]
[Round "1"]
[White "Sorim"]
[Black "Redabond"]
[WhiteElo "1850"]
[BlackElo "1640"]
[Result "1-0"]
[Round "1"]
1.e4 e5
2.Bf1c4 Ng8f6
3.f4 Nb8c6
4.Ng1f3 Bf8c5
5.Nb1c3 Nf6g4
6.Bc4xf7 Kxf7
7.Nf3g5 Kf8
8.Qd1xg4 d5
9.Qg4h5 g6
10.Qh5h6 Ke7
11.Qh6g7 Kd6
12.Nc3b5 { resign }
1-0

[Event "Tourn. n9386"]
[Site "www.chess-mail.com"]
[Date "2017.06.19"]
[Round "1"]
[White "Falcoale"]
[Black "Cjood"]
[WhiteElo "2040"]
[BlackElo "1980"]
[Result "1-0"]
[Round "1"]
1.e4 c5
2.Ng1f3 e6
3.d4 Nb8c6
4.Bc1e3 cxd4
5.Nf3xd4 Qd8h4
6.Nb1c3 Bf8b4
7.Bf1d3 Nc6e5
8.O-O Ne5g4
9.Nd4f3 Qh4h5
10.h3 Ng4xe3
11.fxe3 Bb4c5
12.Qd1d2 Qh5h6
13.Ra1e1 a6
14.Nf3e5 d6
15.Ne5xf7 Qh6g6
16.Nf7xh8 Qg6g5
17.Rf1f3 Ng8f6
18.Nc3e2 b5
19.Rf3g3 Qg5h6
20.Ne2f4 g5
21.Nf4e2 Bc8b7
22.Ne2d4 Ke7
23.e5 dxe5
24.Nd4f3 e4
25.Nf3e5 exd3
26.Nh8f7 Qh6f8
27.Rg3xg5 Nf6e4
28.Qd2xd3 Bb7d5
29.Re1f1 Ne4xg5
30.Nf7xg5 Qf8h6
31.Rf1f7 Ke8
32.Ne5f3 Bd5xf3
33.Qd3d7 { resign }
1-0

[Event "Tourn. n9414"]
[Site "www.chess-mail.com"]
[Date "2017.06.19"]
[Round "1"]
[White "Julian"]
[Black "Cristiano"]
[WhiteElo "1660"]
[BlackElo "1820"]
[Result "1-0"]
[Round "1"]
1.e4 e5
2.Ng1f3 Nb8c6
3.Bf1b5 a6
4.Bb5a4 d6
5.O-O f5
6.Nb1c3 Ng8f6
7.d3 Bf8e7
8.Nc3d5 { resign }
1-0

[Event "Match"]
[Site "www.echecsemail.com"]
[Date "2017.06.19"]
[Round "1"]
[White "Llord"]
[Black "Cjood"]
[WhiteElo "1950"]
[BlackElo "1820"]
[Result "0-1"]
[Round "1"]
1.e4 e5
2.Ng1f3 Nb8c6
3.Bf1c4 h6
4.O-O a6
5.d4 Nc6xd4
6.Nf3xd4 exd4
7.Qd1xd4 d6
8.b3 Qd8f6
9.Qd4xf6 Ng8xf6
10.Nb1c3 c6
11.Bc1e3 b5
12.Bc4e2 b4
13.Nc3a4 Nf6xe4
14.Na4b6 Ra8b8
15.Rf1d1 Ne4c3
16.Rd1d2 Nc3xe2
17.Rd2xe2 Bc8e6
18.Nb6c4 Bf8e7
19.Nc4a5 O-O
20.Na5xc6 Rb8b7
21.Nc6xe7 Rb7xe7
22.Ra1d1 d5
23.Be3c5 Be6g4
24.Re2xe7 Bg4xd1
25.Re7d7 Rf8c8
26.Bc5xb4 Bd1xc2
27.h3 Bc2e4
28.Rd7e7 Rc8c1
29.Kh2 Rc1c2
30.f3 Be4xf3
31.Kg1 Rc2xg2
32.Kf1 Rg2xa2
33.Bb4c5 Bf3g2
34.Kg1 Bg2xh3
{ resign }
0-1

[Event "Match"]
[Site "www.echecsemail.com"]
[Date "2017.06.19"]
[Round "1"]
[White "Stevep84"]
[Black "Wwgia"]
[WhiteElo "2050"]
[BlackElo "2000"]
[Result "1-0"]
[Round "1"]
1.e4 c5
2.Ng1f3 Nb8c6
3.d4 cxd4
4.Nf3xd4 g6
5.c4 Bf8g7
6.Bc1e3 Ng8f6
7.Nb1c3 O-O
8.Bf1e2 d6
9.O-O Bc8d7
10.Qd1d2 Nc6xd4
11.Be3xd4 Bd7c6
12.f3 Qd8a5
13.Ra1c1 a6
14.a3 Rf8c8
15.Nc3b1  { time }
1-0

[Event "Match"]
[Site "www.echecsemail.com"]
[Date "2017.06.19"]
[Round "1"]
[White "Cjood"]
[Black "Witpar"]
[WhiteElo "1960"]
[BlackElo "2680"]
[Result "0-1"]
[Round "1"]
1.e3 d5
2.d4 Ng8f6
3.Ng1f3 Bc8f5
4.Bf1d3 Bf5xd3
5.cxd3 e6
6.a3 c5
7.dxc5 Bf8xc5
8.O-O O-O
9.b4 Bc5d6
10.Bc1b2 a5
11.Nb1d2 axb4
12.a4 Nb8c6
13.Nd2b3 e5
14.Rf1e1 Qd8e7
15.Nb3d2 Nf6d7
16.g3 Ra8a6
17.Qd1b3 Nd7b6
18.e4 d4
19.Nd2c4 Qe7e6
20.Nf3g5 Qe6f6
21.Nc4xd6 Qf6xd6
22.f4 exf4
{ resign }
0-1

[Event "Match"]
[Site "www.echecsemail.com"]
[Date "2017.06.19"]
[Round "1"]
[White "Cjood"]
[Black "Aiko1603"]
[WhiteElo "1840"]
[BlackElo "2010"]
[Result "0-1"]
[Round "1"]
1.e4 c5
2.f4 Nb8c6
3.Ng1f3 g6
4.Nb1c3 Bf8g7
5.Bf1c4 d6
6.b3 Bc8g4
7.Bc1b2 Bg4xf3
8.gxf3 Ng8f6
9.e5 dxe5
10.fxe5 Nc6xe5
11.Bc4b5 Ne5c6
12.Nc3a4 Qd8d6
13.Bb5xc6 Qd6xc6
14.Na4c3 O-O
15.d3 Nf6d5
16.Qd1d2 Nd5xc3
17.Bb2xc3 Bg7xc3
18.Qd2xc3 Qc6xf3
19.Rh1f1 Qf3e3
20.Kd1 Qe3d4
21.Qc3xd4 cxd4
22.Rf1f4 e5
23.Rf4e4 f6
24.Kd2 Ra8c8
25.a4 Rc8c3
26.Ra1a2 Rf8e8
{ resign }
0-1

[Event "1/32 Finale"]
[Site "www.chess-mail.com"]
[Date "2017.06.19"]
[Round "1"]
[White "Mitja"]
[Black "Picifarkinca"]
[WhiteElo "2070"]
[BlackElo "2050"]
[Result "1/2-1/2"]
[Round "1"]
1.d4 Ng8f6
2.e3 e6
3.c3 d5
4.Nb1d2 c5
5.dxc5 Bf8xc5
6.Nd2b3 Bc5e7
7.Ng1f3 O-O
8.Bf1e2 Nb8c6
9.Nf3d4 e5
10.Nd4xc6 bxc6
11.h3 a5
12.O-O a4
13.Nb3d2 Bc8f5
14.Nd2f3 e4
15.Nf3d4 Bf5d7
16.f4 c5
17.Nd4c2 Qd8b6
18.b3 axb3
19.axb3 Qb6xb3
20.Bc1d2 Ra8xa1
21.Nc2xa1 Qb3xd1
22.Rf1xd1 Bd7a4
23.Rd1b1 c4
24.Be2d1 Ba4xd1
25.Rb1xd1 Rf8b8
26.Na1c2 Rb8b2
27.Nc2e1 Nf6d7
28.Kf1 Nd7c5
29.Bd2c1 Rb2b1
30.Ke2 Nc5b3
31.Bc1d2 Rb1xd1
32.Kxd1 f5
33.Ne1c2 h5
34.Nc2d4 Nb3xd4
35.cxd4 g5
36.g3 g4
{ draw }
1/2-1/2

[Event "Fast Game"]
[Site "www.echecsemail.com"]
[Date "2017.06.19"]
[Round "1"]
[White "Cjood"]
[Black "Claudia"]
[WhiteElo "1780"]
[BlackElo "1829"]
[Result "0-1"]
[Round "1"]
1.Ng1f3 Ng8f6
2.d4 g6
3.c4 Bf8g7
4.Nb1c3 O-O
5.Bc1f4 d6
6.e3 Nb8d7
7.Bf1d3 Rf8e8
8.O-O e5
9.dxe5 dxe5
10.Bf4g5 h6
11.Bg5xf6 Nd7xf6
12.h3 e4
13.Bd3xe4 Qd8xd1
14.Ra1xd1 Nf6xe4
15.Nc3xe4 Re8xe4
16.b3 Re4e8
17.Rd1d3 Bc8f5
18.Rd3d1 Ra8d8
19.Rd1xd8 Re8xd8
20.g4 Bf5e4
21.Kg2 Rd8d2
22.a4 Rd2b2
{ resign }
0-1

[Event "Tourn. n9335"]
[Site "www.chess-mail.com"]
[Date "2017.06.20"]
[Round "1"]
[White "Tartan"]
[Black "Coolant"]
[WhiteElo "2470"]
[BlackElo "2310"]
[Result "1-0"]
[Round "1"]
1.d4 Ng8f6
2.Ng1f3 b6
3.g3 Bc8b7
4.Bf1g2 e6
5.O-O d5
6.c4 Nb8d7
7.cxd5 Bb7xd5
8.Nb1c3 Bd5b7
9.Qd1d3 Bf8d6
10.e4 e5
11.dxe5 Nd7xe5
12.Nf3xe5 Bd6xe5
13.Qd3b5 Nf6d7
14.Rf1d1 c6
15.Qb5c4 O-O
16.f4 Be5xc3
17.Qc4xc3 Qd8c7
18.Bc1e3 Rf8d8
19.Be3d4 f6
20.Ra1c1 c5
21.Bd4e3 Ra8c8
22.Qc3c4 Kh8
23.Bg2h3 Rc8b8
24.b4 b5
25.Qc4f7 Qc7c6
26.Bh3f5 Nd7b6
27.Rd1xd8 Rb8xd8
28.Rc1xc5 Qc6d6
29.Rc5c7 Qd6d1
30.Kf2 Rd8d2
31.Be3xd2 Qd1xd2
32.Kf3 Qd2d3
33.Kg4 Qd3e2
34.Kh3 Qe2f1
35.Kh4 g5
36.fxg5 fxg5
37.Kxg5 { resign }
1-0

[Event "Tourn. n9342"]
[Site "www.chess-mail.com"]
[Date "2017.06.20"]
[Round "1"]
[White "Seger"]
[Black "Numanoid"]
[WhiteElo "2640"]
[BlackElo "2520"]
[Result "1-0"]
[Round "1"]
1.d4 e6
2.e4 d5
3.Nb1d2 Nb8c6
4.Ng1f3 Ng8f6
5.e5 Nf6d7
6.Bf1e2 f6
7.exf6 Qd8xf6
8.Nd2f1 Bf8d6
9.Nf1e3 O-O
10.O-O Nd7b6
11.Ne3g4 Qf6g6
12.h3 Bc8d7
13.Rf1e1 Qg6e8
14.c3 e5
15.dxe5 Nc6xe5
16.Nf3xe5 Bd6xe5
17.Be2f3 { resign }
1-0

[Event "Tourn. n9395"]
[Site "www.chess-mail.com"]
[Date "2017.06.20"]
[Round "1"]
[White "Cal"]
[Black "Asibicho"]
[WhiteElo "1700"]
[BlackElo "1760"]
[Result "0-1"]
[Round "1"]
1.c4 Ng8f6
2.Nb1c3 g6
3.e4 d6
4.d3 Bf8g7
5.Ng1f3 c5
6.Bc1g5 Nb8c6
7.Bf1e2 O-O
8.h3 e5
9.Nc3d5 Bc8e6
10.a3 h6
11.Bg5h4 Be6xd5
12.cxd5 Nc6d4
13.Nf3xd4 exd4
14.O-O Qd8b6
15.b3 Rf8e8
16.Bh4xf6 Bg7xf6
17.f4 Bf6g7
18.Rf1f3 Qb6c7
19.Qd1d2 b5
20.Ra1c1 Ra8c8
21.b4 Qc7b6
22.f5 Kh7
23.fxg6 fxg6
24.Rf3f7 c4
25.dxc4 d3
26.Kh1 dxe2
27.Qd2c3 Re8g8
28.Qc3d3 Rc8xc4
29.Rc1xc4 e1Q
30.Kh2 bxc4
31.Qd3xc4 Qb6g1

0-1

[Event "Tourn. n9312"]
[Site "www.chess-mail.com"]
[Date "2017.06.20"]
[Round "1"]
[White "Cal"]
[Black "Ditto"]
[WhiteElo "1730"]
[BlackElo "1670"]
[Result "1-0"]
[Round "1"]
1.d4 d5
2.e3 Bc8f5
3.Nb1c3 e6
4.a3 Nb8c6
5.h3 Ng8f6
6.Bf1b5 Bf8e7
7.Bc1d2 O-O
8.Ng1f3 Nf6e4
9.Bb5xc6 bxc6
10.O-O Be7d6
11.Nc3e2 Qd8f6
12.Bd2a5 Qf6g6
13.Nf3h4 Qg6g5
14.Nh4xf5 Qg5xf5
15.Ba5b4 c5
16.dxc5 Bd6e5
17.c3 a5
18.f3 Ne4g5
19.f4 Ng5xh3
20.gxh3 Qf5g6
21.Kh2 Be5f6
22.Rf1g1 Qg6e4
23.Rg1g3 axb4
24.cxb4 Bf6h4
25.Rg3g2 Qe4xe3
26.Ne2g1 Qe3xf4
27.Kh1 Qf4h6
28.Qd1d4 Bh4g5
29.Qd4g4 Bg5e3
30.Ng1f3 c6
31.Nf3e5 Ra8c8
32.Ne5d7 f5
33.Qg4f3 f4
34.Nd7xf8 Rc8xf8
35.a4 Rf8f5
36.b5 Rf5h5
37.Rg2h2 Rh5g5
38.bxc6 Be3xc5
39.c7 Rg5g3
40.c8Q Bc5f8
41.Qf3e2 Rg3e3
42.Qe2g4 Re3e4
43.Ra1g1 f3
44.Qg4g3 Qh6f6
45.Qc8d8 Qf6f5
46.Qg3xg7 { resign }
1-0

[Event "Tourn. n9350"]
[Site "www.chess-mail.com"]
[Date "2017.06.20"]
[Round "1"]
[White "Jazzy"]
[Black "Picifarkinca"]
[WhiteElo "2200"]
[BlackElo "2090"]
[Result "1-0"]
[Round "1"]
1.e4 c6
2.Ng1f3 d5
3.exd5 cxd5
4.d4 Ng8f6
5.Bf1e2 Nb8c6
6.O-O Bc8f5
7.c3 e6
8.Qd1a4 Bf8e7
9.Nf3h4 Bf5xb1
10.Ra1xb1 O-O
11.Nh4f3 a6
12.Qa4c2 Ra8c8
13.Qc2a4 b5
14.Qa4xa6 b4
15.Qa6d3 bxc3
16.bxc3 Nf6e4
17.Nf3d2 Ne4f6
18.f4 Nf6e4
19.Nd2xe4 dxe4
20.Qd3xe4 Qd8d5
21.Qe4xd5 exd5
22.Be2f3 Rf8d8
23.Bc1d2 Be7f8
24.Rb1b7 Nc6a5
25.Rb7b5 Na5c4
26.Bd2c1 Rc8a8
27.Bf3xd5 Nc4d6
28.Rb5b2 Ra8a5
29.Bd5b3 Nd6b5
30.Rb2c2 Rd8c8
31.Rf1e1 Nb5d6
32.Bc1e3 Nd6e4
33.c4 Bf8b4
34.Re1f1 Kf8
35.c5 Ne4c3
36.Rf1c1 Nc3e4
37.g3 Bb4a3
38.Rc1d1 Rc8d8
39.Rd1e1 { resign }
1-0

[Event "Tourn. n9335"]
[Site "www.chess-mail.com"]
[Date "2017.06.20"]
[Round "1"]
[White "Coolant"]
[Black "Paulsyd"]
[WhiteElo "2310"]
[BlackElo "2310"]
[Result "0-1"]
[Round "1"]
1.g4 d5
2.Bf1g2 Bc8xg4
3.c4 c6
4.cxd5 cxd5
5.Qd1b3 Ng8f6
6.Qb3xb7 Nb8d7
7.Nb1c3 e6
8.Ng1f3 Nd7c5
9.Qb7c6 Nf6d7
10.b4 Ra8c8
11.Qc6b5 a6
12.Qb5a5 Qd8xa5
13.bxa5 Bf8e7
14.Ra1b1 Bg4f5
15.Rb1b2 Be7f6
16.O-O d4
17.Nc3b1 d3
18.e3 Bf6xb2
19.Bc1xb2 Bf5e4
20.Nb1c3 Be4xf3
21.Bg2xf3 Nd7e5
22.Kg2 Ne5c4
{ resign }
0-1

[Event "Tourn. n9380"]
[Site "www.chess-mail.com"]
[Date "2017.06.20"]
[Round "1"]
[White "Luban"]
[Black "Orhany24"]
[WhiteElo "2100"]
[BlackElo "2230"]
[Result "1-0"]
[Round "1"]
1.d4 d5
2.Ng1f3 Bc8f5
3.e3 Ng8f6
4.c4 e6
5.a3 c5
6.Nb1c3 Nb8c6
7.cxd5 exd5
8.dxc5 Bf8xc5
9.h3 O-O
10.Bf1d3 Bf5g6
11.Bd3xg6 fxg6
12.O-O Kh8
13.Nf3d4 a6
14.b4 Bc5b6
15.Nc3e2 Qd8d7
16.Bc1b2 Ra8e8
17.Ra1c1 Re8c8
18.Nd4xc6 bxc6
19.Bb2d4 Bb6xd4
20.Qd1xd4 Qd7f5
21.Ne2c3 Nf6h5
22.Nc3a4 Rf8f6
23.Na4b6 Rc8f8
24.Qd4g4 { resign }
1-0

[Event "Tourn. n9379"]
[Site "www.chess-mail.com"]
[Date "2017.06.20"]
[Round "1"]
[White "Prize64"]
[Black "Falcoale"]
[WhiteElo "2170"]
[BlackElo "2000"]
[Result "0-1"]
[Round "1"]
1.e4 c5
2.Ng1f3 Nb8c6
3.Bf1b5 a6
4.Bb5xc6 bxc6
5.O-O e6
6.d3 Ng8f6
7.e5 Nf6d5
8.c4 Nd5b6
9.Nb1c3 Bc8b7
10.Nc3e4 Bf8e7
11.Bc1e3 O-O
12.Ne4xc5 Bb7c8
13.Nc5e4 Bc8b7
14.Be3c5 Be7xc5
15.Ne4xc5 Bb7c8
16.Nc5e4 f5
 { time }
0-1

[Event "Tourn. n9418"]
[Site "www.chess-mail.com"]
[Date "2017.06.20"]
[Round "1"]
[White "Quaff"]
[Black "Fantomas"]
[WhiteElo "1779"]
[BlackElo "1670"]
[Result "0-1"]
[Round "1"]
1.e4 c5
2.f4 Nb8c6
3.Ng1f3 d6
4.Bf1b5 Bc8d7
5.O-O a6
6.Bb5xc6 Bd7xc6
7.d3 e6
8.Bc1e3 Bf8e7
9.Nb1d2 Ng8f6
10.e5 Nf6d5
11.Rf1e1 Nd5xe3
12.Re1xe3 d5
13.Re3e1 O-O
14.h3 Be7h4
15.Nf3xh4 Qd8xh4
16.Re1f1 f6
17.Qd1e1 Qh4h6
18.Nd2b3 b6
19.Nb3d2 f5
20.Rf1f2 g5
21.fxg5 Qh6xg5
22.Nd2f3 Qg5h6
23.Nf3h2 d4
24.Qe1d2 Qh6h5
25.Qd2f4 Rf8f7
26.Nh2g4 fxg4
27.Qf4g3 Rf7g7
28.h4 Ra8f8
29.Rf2xf8 Kxf8
30.Ra1f1 Rg7f7
31.Rf1f4 Rf7xf4
32.Qg3xf4 Qh5f5
33.Qf4h6 Kg8
34.g3 Qf5xe5
35.Kf1 Qe5e3
36.Qh6xe3 dxe3
37.Ke2 Kf7
38.Kxe3 e5
39.c3 Ke6
40.a3 b5
41.b4 c4
42.dxc4 bxc4
43.Kd2 Kd5
44.Ke3 Bc6a4
45.h5 h6
46.Kd2 Ke4
47.Ke2 Ba4c6
{ resign }
0-1

[Event "Tourn. n9370"]
[Site "www.chess-mail.com"]
[Date "2017.06.20"]
[Round "1"]
[White "Robinjut"]
[Black "Hansen"]
[WhiteElo "1620"]
[BlackElo "1590"]
[Result "0-1"]
[Round "1"]
1.e4 d5
2.e5 Nb8c6
3.Ng1f3 a6
4.d3 Bc8g4
5.Bc1f4 e6
6.h3 Bg4xf3
7.Qd1xf3 Nc6d4
8.Qf3d1 g5
9.Bf4e3 Nd4f5
10.Qd1f3 d4
11.Be3d2 f6
12.exf6 Qd8xf6
13.Qf3xb7 Ra8d8
14.Qb7xc7 Bf8d6
15.Qc7c6 Rd8d7
16.Qc6xa6 Qf6e5
17.Bf1e2 Nf5h4
18.Qa6a8 Kf7
19.Nb1a3 Ng8h6
20.Qa8c6 Ke7
21.Na3c4 Qe5d5
22.Bd2xg5 Qd5xg5
23.Nc4xd6 Rd7xd6
24.Qc6e4 Nh4xg2
25.Kd1 Rh8f8
26.Be2f3 Rf8f4
27.Qe4e2 Nh6f5
28.c4 Ng2h4
29.Kc2 Rf4xf3
30.Rh1g1 Qg5f4
31.Rg1g4 Qf4h6
32.Ra1g1 Rd6a6
33.a3 Ra6a4
34.Qe2e5 Rf3xf2
35.Kb1 Qh6d2
36.Qe5c7 Kf6
37.Qc7d8 Nf5e7
38.Qd8f8 Ke5
39.Rg4g5 Kd6
40.Qf8d8 Kc6
41.Qd8c8 Ne7xc8
{ resign }
0-1

[Event "Tourn. n9346"]
[Site "www.chess-mail.com"]
[Date "2017.06.20"]
[Round "1"]
[White "Pachi"]
[Black "Quaff"]
[WhiteElo "1600"]
[BlackElo "1539"]
[Result "0-1"]
[Round "1"]
1.e4 e5
2.Ng1f3 d6
3.Bf1b5 Bc8d7
4.a4 h6
5.h4 Ng8f6
6.d3 a6
7.Bb5xd7 Nb8xd7
8.O-O Bf8e7
9.d4 exd4
10.Qd1xd4 O-O
11.Nb1c3 Nf6h7
12.b3 Be7f6
13.e5 dxe5
14.Qd4d5 c6
15.Qd5d1 Nd7b6
16.Bc1a3 Rf8e8
17.Rf1e1 Nb6d5
18.Nc3e4 Nd5f4
19.Ne4d6 Re8e6
20.Nd6xb7 Qd8xd1
21.Ra1xd1 Ra8b8
22.Nb7d8 Rb8xd8
23.Rd1d2 Rd8xd2
24.Nf3xd2 Nf4d5
25.c4 Nd5c7
26.h5 Bf6g5
27.Nd2e4 a5
28.b4 axb4
29.Ba3xb4 Nh7f6
30.Ne4c5 Re6e8
31.Bb4c3 e4
32.Bc3xf6 Bg5xf6
33.Nc5xe4 Bf6c3
34.Re1e2 Bc3d4
35.Kf1 c5
36.f3 Re8a8
37.Re2a2 Nc7e6
38.a5 Ne6f4
39.a6 Nf4xh5
40.Ra2a5 Nh5f6
41.Ne4d6 Nf6e8
42.Nd6e4 f5
43.Ne4f2 Bd4xf2
44.Kxf2 Kf7
45.Ke3 Ke6
46.Kf4 g6
47.Ra5xc5 Ra8xa6
48.Rc5e5 Kf7
49.g4 fxg4
50.fxg4 g5
51.Kf5 Ne8d6
{ resign }
0-1

[Event "Tourn. n9359"]
[Site "www.chess-mail.com"]
[Date "2017.06.20"]
[Round "1"]
[White "Attatroll"]
[Black "Nulladies"]
[WhiteElo "2030"]
[BlackElo "1920"]
[Result "0-1"]
[Round "1"]
1.e4 c5
2.Nb1c3 g6
3.Ng1f3 Bf8g7
4.Bf1c4 e6
5.a3 Ng8e7
6.O-O Nb8c6
7.d3 O-O
8.Bc1e3 b6
9.Nc3b5 a6
10.Nb5d6 Bg7xb2
11.Ra1b1 Bb2xa3
12.Rb1b3 Ba3b4
13.c3 Nc6a5
14.cxb4 Na5xb3
15.Bc4xb3 cxb4
16.Nd6xc8 Ra8xc8
17.Nf3e5 d6
18.Ne5xf7 Rf8xf7
19.Bb3xe6 Rc8c6
20.Qd1b3 Qd8f8
21.f4 a5
22.f5 Rc6c3
23.Be6xf7 Qf8xf7
24.Qb3xf7 Kxf7
25.fxg6 Kxg6
26.Rf1d1 b5
27.Be3d4 Rc3b3
28.Kf2 Ne7c6
29.Bd4b6 a4
30.Ke2 Rb3b2
31.Rd1d2 Rb2xd2
32.Kxd2 b3
33.Kc3 b4
34.Kd2 a3
35.Kc1 b2
36.Kb1 b3
37.Bb6c7 Nc6d4
38.Bc7xd6 a2
39.Kxb2 Nd4c2
40.Kxb3 a1Q
41.Kxc2 Qa1a2
42.Kd1 Qa2xg2
43.Bd6g3 Kf6
44.e5 Ke6
45.d4 Qg2g1
46.Ke2 Qg1xd4
47.Kf3 h5
48.Bg3f4 h4
49.Kg4 Qd4e4
50.h3 Qe4f5
51.Kf3 Qf5xh3
52.Ke4 Qh3f5
53.Kf3 h3
54.Kg3 Qf5xf4
55.Kxh3 Qf4xe5
{ resign }
0-1

[Event "Tourn. n9425"]
[Site "www.chess-mail.com"]
[Date "2017.06.20"]
[Round "1"]
[White "Cristiano"]
[Black "Quaff"]
[WhiteElo "1720"]
[BlackElo "1850"]
[Result "0-1"]
[Round "1"]
1.f4 e5
2.e4 exf4
3.Ng1f3 d5
4.exd5 Qd8xd5
5.d4 g5
6.Nb1c3 Qd5e6
7.Qd1e2 h6
8.h4 Qe6xe2
9.Bf1xe2 g4
10.Nf3e5 h5
11.Bc1xf4 c6
12.O-O Bf8d6
13.Ne5xf7 Bd6xf4
14.Rf1xf4 Rh8h7
15.Be2c4 Rh7g7
16.Ra1e1 Kd7
{ resign }
0-1